| 000 | 00715nam a2200229 i 4500 | ||
|---|---|---|---|
| 003 | EG-ScBUE | ||
| 005 | 20250512104921.0 | ||
| 008 | 200219s2024 nyu f 000 0 eng d | ||
| 020 | _a9789198645255 | ||
| 040 |
_aEG-ScBUE _beng _erda _cEG-ScBUE _dEG-ScBUE |
||
| 082 | 0 | 4 |
_222 _a746.92 _bFAS |
| 245 | 0 | 4 |
_aThe fashion designer's sustainable sourcebook : _ba guide to slow fashion suppliers and manufacturers |
| 264 | 1 |
_aNew York : _bFashion Dex, _c2024. |
|
| 300 |
_a196 pages ; _c24 cm |
||
| 336 |
_2rdacontent _atext _btxt |
||
| 337 |
_2rdamedia _aunmediated _bn |
||
| 338 |
_2rdacarrier _avolume _bnc |
||
| 650 | 7 |
_aFashion design. _2BUEsh |
|
| 653 |
_cMay2025 _bART |
||
| 655 | _vReading book | ||
| 942 |
_2ddc _cBB |
||
| 999 |
_c30969 _d30940 |
||